Structures in Lord of the Rings - Statistics

General Stats
  • This quiz has been taken 24 times
  • The average score is 9 of 16
Answer Stats
Hint Answer % Correct
The capital city of Gondor Minas Tirith
91%
Theoden hid here when the Uruk Hai attacked Helm's Deep
86%
City of Elrond Rivendell
86%
Home of Frodo and Bilbo Bag End
82%
Where Frodo, Sam, Pippin and Merry stayed in Bree The Prancing Pony
73%
The capital city of Rohan Edoras
68%
City ruins between Minas Tirith and Mordor Osgiliath
68%
Frodo was stabbed here Weathertop
68%
Elven city in the Golden Wood Lothlorien
64%
Fortress of Sauron Barad-dur
59%
Home of the Nazgul Minas Morgul
59%
Home of Sauruman Orthanc
55%
The town on Long Lake Esgaroth
23%
The entrance to Mordor The Black Gates
23%
Pippin lit this Beacon of Amon Din
18%
Frodo was imprisoned here The tower of Cirith Ungul
5%
No matching quizzes found
Score Distribution
Percent of People with Each Score
Percentile by Number Answered
Your Score History
You have not taken this quiz